01141nam a2200349 i 450000100060000000300090000600500170001500800390003201500170007104000410008804600090012908000080013808000090014610000410015524500340019626000560023030000280028633600270031433700540034133800280039538000160042338000270043938800140046638800140048050400220049452100800051665000140059665500170061065800240062771000420065185600980069310725KOSZ 00520200508134326.0080915s1959 pl a f f 000 0 pol aPB 1959/6389 aWA NcWA NdKOSZ 005/RWdKOSZ 005/HR k1959 a531 a(07)1 aHaberzak, Alfredd(1910-1978)eAutor10aMechanika /cAlfred Haberzak. aWarszawa :bPaństwowe Wydawnictwo Naukowe,c1959. a384 s. :bil. ;c24 cm. 2rdacontentaTekstbtxt 2rdamediaaBez urządzenia pośredniczącegobn 2rdacarrieraWoluminbnc aKsiążki aPublikacje dydaktyczne a1901-2000 a1945-1989 aBibliogr. s. 383.8 aSkrypt dla studentów wydz. mechan. technologii drewna wyższ. szk. roln. 4aMechanika 7aPodręcznik aFizyka i astronomia2 aPaństwowe Wydawnictwo Naukowe4pbl. uhttp://koha.tu.koszalin.pl/cgi-bin/koha/opac-detail.pl?biblionumber=10725yKatalog online BPK